<?xml version="1.0" encoding="UTF-8"?>
<record
    xmlns:xsi="http://www.w3.org/2001/XMLSchema-instance"
    xsi:schemaLocation="http://www.loc.gov/MARC21/slim http://www.loc.gov/standards/marcxml/schema/MARC21slim.xsd"
    xmlns="http://www.loc.gov/MARC21/slim">

  <leader>01349nam0a2200301   4500</leader>
  <controlfield tag="001">RU\NLR\BIBL_A\012558944</controlfield>
  <controlfield tag="005">20260407140015.0</controlfield>
  <datafield tag="035" ind1=" " ind2=" ">
    <subfield code="a">(NLR Aleph) 012558944</subfield>
  </datafield>
  <datafield tag="090" ind1=" " ind2=" ">
    <subfield code="a">12454509</subfield>
    <subfield code="c">12454509</subfield>
  </datafield>
  <datafield tag="100" ind1=" " ind2=" ">
    <subfield code="a">20201027d1924    |||y0rusy50      ca</subfield>
  </datafield>
  <datafield tag="101" ind1="0" ind2=" ">
    <subfield code="a">rus</subfield>
  </datafield>
  <datafield tag="102" ind1=" " ind2=" ">
    <subfield code="a">RU</subfield>
  </datafield>
  <datafield tag="105" ind1=" " ind2=" ">
    <subfield code="a">y   g   000yy</subfield>
  </datafield>
  <datafield tag="181" ind1=" " ind2="0">
    <subfield code="a">i</subfield>
    <subfield code="b">axxe</subfield>
  </datafield>
  <datafield tag="182" ind1=" " ind2="0">
    <subfield code="a">n</subfield>
  </datafield>
  <datafield tag="200" ind1="1" ind2=" ">
    <subfield code="a">&#x420;&#x430;&#x441;&#x43F;&#x438;&#x441;&#x430;&#x43D;&#x438;&#x435; &#x434;&#x432;&#x438;&#x436;&#x435;&#x43D;&#x438;&#x44F; &#x43F;&#x430;&#x441;&#x441;&#x430;&#x436;&#x438;&#x440;&#x441;&#x43A;&#x438;&#x445; &#x43F;&#x43E;&#x435;&#x437;&#x434;&#x43E;&#x432; &#x434;&#x430;&#x43B;&#x44C;&#x43D;&#x435;&#x433;&#x43E; &#x438; &#x43F;&#x440;&#x438;&#x433;&#x43E;&#x440;&#x43E;&#x434;&#x43D;&#x43E;&#x433;&#x43E; &#x441;&#x43E;&#x43E;&#x431;&#x449;&#x435;&#x43D;&#x438;&#x44F;. &#x421; 1-&#x433;&#x43E; &#x43D;&#x43E;&#x44F;&#x431;&#x440;&#x44F; 1924 &#x433;&#x43E;&#x434;&#x430;. &#x411;&#x430;&#x43B;&#x442;&#x438;&#x439;&#x441;&#x43A;&#x430;&#x44F; &#x43B;&#x438;&#x43D;&#x438;&#x44F;</subfield>
    <subfield code="f">&#x421;.&#x421;.&#x421;.&#x420;. &#x41D;.&#x41A;.&#x41F;.&#x421;. &#x41C;&#x43E;&#x441;&#x43A;&#x43E;&#x432;&#x441;&#x43A;&#x43E;-&#x411;&#x435;&#x43B;&#x43E;&#x440;&#x443;&#x441;&#x441;&#x43A;&#x43E;-&#x411;&#x430;&#x43B;&#x442;&#x438;&#x439;&#x441;&#x43A;&#x430;&#x44F; &#x436;&#x435;&#x43B;&#x435;&#x437;&#x43D;&#x430;&#x44F; &#x434;&#x43E;&#x440;&#x43E;&#x433;&#x430;</subfield>
  </datafield>
  <datafield tag="203" ind1=" " ind2=" ">
    <subfield code="a">&#x422;&#x435;&#x43A;&#x441;&#x442;</subfield>
    <subfield code="b">&#x432;&#x438;&#x437;&#x443;&#x430;&#x43B;&#x44C;&#x43D;&#x44B;&#x439;</subfield>
    <subfield code="c">&#x43D;&#x435;&#x43F;&#x43E;&#x441;&#x440;&#x435;&#x434;&#x441;&#x442;&#x432;&#x435;&#x43D;&#x43D;&#x44B;&#x439;</subfield>
  </datafield>
  <datafield tag="210" ind1=" " ind2=" ">
    <subfield code="a">&#x41C;&#x43E;&#x441;&#x43A;&#x432;&#x430;</subfield>
    <subfield code="c">&#x41D;&#x41A;&#x41F;&#x421;-&#x422;&#x440;&#x430;&#x43D;&#x441;&#x43F;&#x435;&#x447;&#x430;&#x442;&#x44C;</subfield>
    <subfield code="d">1924</subfield>
  </datafield>
  <datafield tag="215" ind1=" " ind2=" ">
    <subfield code="a">74 &#x441;.</subfield>
    <subfield code="d">22</subfield>
  </datafield>
  <datafield tag="606" ind1="1" ind2=" ">
    <subfield code="a">&#x416;&#x435;&#x43B;&#x435;&#x437;&#x43D;&#x43E;&#x434;&#x43E;&#x440;&#x43E;&#x436;&#x43D;&#x44B;&#x439; &#x442;&#x440;&#x430;&#x43D;&#x441;&#x43F;&#x43E;&#x440;&#x442;</subfield>
    <subfield code="x">&#x420;&#x430;&#x441;&#x43F;&#x438;&#x441;&#x430;&#x43D;&#x438;&#x44F;</subfield>
    <subfield code="y">&#x421;&#x421;&#x421;&#x420;</subfield>
    <subfield code="y">&#x41C;&#x43E;&#x441;&#x43A;&#x432;&#x430;, &#x433;&#x43E;&#x440;&#x43E;&#x434;</subfield>
    <subfield code="z">1924</subfield>
    <subfield code="9">2459270</subfield>
    <subfield code="3">RU\NLR\AUTH\6601678958</subfield>
  </datafield>
  <datafield tag="686" ind1="3" ind2=" ">
    <subfield code="a">&#x41E;285.502.32</subfield>
  </datafield>
  <datafield tag="710" ind1="0" ind2="2">
    <subfield code="a">&#x41C;&#x43E;&#x441;&#x43A;&#x43E;&#x432;&#x441;&#x43A;&#x43E;-&#x411;&#x435;&#x43B;&#x43E;&#x440;&#x443;&#x441;&#x441;&#x43A;&#x43E;-&#x411;&#x430;&#x43B;&#x442;&#x438;&#x439;&#x441;&#x43A;&#x430;&#x44F; &#x436;&#x435;&#x43B;&#x435;&#x437;&#x43D;&#x430;&#x44F; &#x434;&#x43E;&#x440;&#x43E;&#x433;&#x430;</subfield>
    <subfield code="3">RU\NLR\AUTH\8810005228</subfield>
    <subfield code="9">507809</subfield>
  </datafield>
  <datafield tag="852" ind1=" " ind2=" ">
    <subfield code="a">NLR</subfield>
    <subfield code="j">40/1786</subfield>
  </datafield>
  <datafield tag="942" ind1=" " ind2=" ">
    <subfield code="c">BOOK</subfield>
  </datafield>
  <datafield tag="980" ind1=" " ind2=" ">
    <subfield code="a">NB</subfield>
  </datafield>
  <datafield tag="995" ind1=" " ind2=" ">
    <subfield code="5">2022-12-13</subfield>
    <subfield code="b">NLR02</subfield>
    <subfield code="c">NLR02</subfield>
    <subfield code="e">RFS</subfield>
    <subfield code="f">1-3941293</subfield>
    <subfield code="k">40/1786</subfield>
    <subfield code="o">0</subfield>
    <subfield code="r">BOOK</subfield>
    <subfield code="s">401786_</subfield>
  </datafield>
</record>
